[Event "29. Klatovy A 2023"]
[Site "Klatovy"]
[Date "2023.07.09"]
[Round "9.13"]
[White "Kishore, Kumar Jaganathan"]
[Black "Kopta, Pavel"]
[Result "1/2-1/2"]
[WhiteElo "1860"]
[BlackElo "2209"]
[PlyCount "20"]
[EventDate "2023.07.01"]
[EventType "swiss"]
[EventRounds "9"]
[EventCountry "CZE"]
[TimeControl "120+30"]

1. Nf3 {[%emt 12:08:51]} Nf6 {[%emt 0:01:54]} 2. c4 {[%emt 0:00:14]} e6 {[%emt 0:00:32]} 3. g3 {[%emt 0:00:12]} c5 {[%emt 0:00:56]} 4. Bg2 {[%emt 0:00:06]} Qc7 {[%emt 0:02:26]} 5. O-O {[%emt 0:01:46]} Be7 {[%emt 0:00:28]} 6. b3 {[%emt 0:04:42]} O-O {[%emt 0:01:01]} 7. Bb2 {[%emt 0:00:06]} d6 {[%emt 0:00:29]} 8. d4 {[%emt 0:02:51]} cxd4 {[%emt 0:00:40]} 9. Nxd4 {[%emt 0:00:10]} a6 {[%emt 0:00:59]} 10. Nc3 {[%emt 0:00:38]} Nc6 {[%emt 0:07:39]} 1/2-1/2

[Event "29. Klatovy A 2023"]
[Site "Klatovy"]
[Date "2023.07.09"]
[Round "9.14"]
[White "Holy, Filip"]
[Black "Polak, Michal 2002"]
[Result "1/2-1/2"]
[WhiteElo "2129"]
[BlackElo "1959"]
[PlyCount "51"]
[EventDate "2023.07.01"]
[EventType "swiss"]
[EventRounds "9"]
[EventCountry "CZE"]
[TimeControl "120+30"]

1. e4 {[%emt 0:20:22]} e5 {[%emt 0:00:13]} 2. Nf3 {[%emt 0:00:04]} Nc6 {[%emt 0:00:12]} 3. Nc3 {[%emt 0:00:07]} Nf6 {[%emt 0:00:05]} 4. d4 {[%emt 0:00:03]} exd4 {[%emt 0:00:09]} 5. Nxd4 {[%emt 0:00:02]} Bb4 {[%emt 0:00:13]} 6. Nxc6 {[%emt 0:00:04]} bxc6 {[%emt 0:00:09]} 7. Bd3 {[%emt 0:00:02]} d5 {[%emt 0:00:24]} 8. exd5 {[%emt 0:00:03]} cxd5 {[%emt 0:00:15]} 9. O-O {[%emt 0:00:05]} O-O {[%emt 0:00:16]} 10. h3 {[%emt 0:00:05]} Re8 {[%emt 0:10:57]} 11. Bf4 {[%emt 0:01:08]} Bd6 {[%emt 0:02:30]} 12. Qf3 {[%emt 0:01:28]} c6 {[%emt 0:03:44]} 13. Rfe1 {[%emt 0:02:02]} Be6 {[%emt 0:04:22]} 14. Ne2 {[%emt 0:01:42]} Qc7 {[%emt 0:06:35]} 15. c3 {[%emt 0:04:52]} Rab8 {[%emt 0:05:27]} 16. b4 {[%emt 0:05:06]} Nd7 {[%emt 0:09:28]} 17. Bxd6 {[%emt 0:09:34]} Qxd6 {[%emt 0:00:05]} 18. Nf4 {[%emt 0:00:56]} d4 {[%emt 0:12:05]} 19. cxd4 {[%emt 0:19:23]} Rxb4 {[%emt 0:09:07]} 20. Rxe6 {[%emt 0:07:14]} Rxe6 {[%emt 0:08:58]} 21. Nxe6 {[%emt 0:00:06]} Qxe6 {[%emt 0:02:20]} 22. Bf5 {[%emt 0:06:57]} Qd6 {[%emt 0:02:20]} 23. Bxd7 {[%emt 0:00:28]} Qxd7 {[%emt 0:00:06]} 24. Rc1 {[%emt 0:00:22]} Rxd4 {[%emt 0:02:21]} 25. Qxc6 {[%emt 0:00:25]} g6 {[%emt 0:07:36]} 26. Qxd7 {[%emt 0:02:44]} 1/2-1/2

[Event "29. Klatovy A 2023"]
[Site "Klatovy"]
[Date "2023.07.09"]
[Round "9.15"]
[White "Palek, Miroslav"]
[Black "Vana, Jan 2010"]
[Result "0-1"]
[WhiteElo "2091"]
[BlackElo "1890"]
[PlyCount "85"]
[EventDate "2023.07.01"]
[EventType "swiss"]
[EventRounds "9"]
[EventCountry "CZE"]
[TimeControl "120+30"]

1. e4 {[%emt 0:00:08]} c5 {[%emt 0:00:03]} 2. Nf3 {[%emt 0:02:37]} Nc6 {[%emt 0:00:05]} 3. Bb5 {[%emt 0:00:34]} g6 {[%emt 0:00:06]} 4. O-O {[%emt 0:01:01]} Bg7 {[%emt 0:00:07]} 5. c3 {[%emt 0:00:36]} e5 {[%emt 0:00:08]} 6. d3 {[%emt 0:03:37]} Nge7 {[%emt 0:01:40]} 7. Be3 {[%emt 0:00:30]} d6 {[%emt 0:02:18]} 8. d4 {[%emt 0:06:56]} exd4 {[%emt 0:09:18]} 9. cxd4 {[%emt 0:00:47]} Qb6 {[%emt 0:01:14]} 10. Na3 {[%emt 0:09:02]} O-O {[%emt 0:05:00]} 11. dxc5 {[%emt 0:04:19]} dxc5 {[%emt 0:02:41]} 12. Qc1 {[%emt 0:00:45]} Nd4 {[%emt 0:05:10]} 13. Nxd4 {[%emt 0:09:39]} cxd4 {[%emt 0:02:24]} 14. Bd2 {[%emt 0:09:33]} Be6 {[%emt 0:03:17]} 15. Bb4 {[%emt 0:03:58]} Rfc8 {[%emt 0:01:21]} 16. Qd2 {[%emt 0:02:50]} Nc6 {[%emt 0:01:50]} 17. Bxc6 {[%emt 0:00:32]} bxc6 {[%emt 0:04:04]} 18. Ba5 {[%emt 0:02:35]} Qa6 {[%emt 0:08:51]} 19. f4 {[%emt 0:04:47]} f5 {[%emt 0:04:42]} 20. e5 {[%emt 0:02:52]} Bf8 {[%emt 0:14:31]} 21. Nc2 {[%emt 0:04:32]} c5 {[%emt 0:02:15]} 22. b3 {[%emt 0:01:37]} Rab8 {[%emt 0:02:29]} 23. Qe1 {[%emt 0:01:45]} Bd5 {[%emt 0:11:52]} 24. Kh1 {[%emt 0:09:48]} Rb5 {[%emt 0:07:44]} 25. Bd2 {[%emt 0:00:48]} Be4 {[%emt 0:00:26]} 26. Qc1 {[%emt 0:05:05]} Qb7 {[%emt 0:13:16]} 27. Rf2 {[%emt 0:03:21]} c4 {[%emt 0:03:57]} 28. Nxd4 {[%emt 0:00:54]} cxb3 {[%emt 0:00:18]} 29. Qb2 {[%emt 0:02:27]} Rc2 {[%emt 0:07:24]} 30. Nxc2 {[%emt 0:03:09]} bxc2 {[%emt 0:00:28]} 31. Qc3 {[%emt 0:08:34]} Rb1+ {[%emt 0:04:37]} 32. Bc1 {[%emt 0:03:12]} Ba3 {[%emt 0:01:00]} 33. Rxc2 {[%emt 0:04:18]} Qb5 {[%emt 0:06:59]} 34. Rf2 {[%emt 0:18:06]} Qa4 {[%emt 0:00:47]} 35. Rf1 {[%emt 0:00:28]} Rxa1 {[%emt 0:00:13]} 36. Qxa1 {[%emt 0:00:07]} Qc2 {[%emt 0:00:05]} 37. Rg1 {[%emt 0:00:16]} Bxc1 {[%emt 0:00:06]} 38. Qd4 {[%emt 0:00:31]} Ba3 {[%emt 0:06:06]} 39. Qd8+ {[%emt 0:01:03]} Bf8 {[%emt 0:00:05]} 40. e6 {[%emt 0:00:32]} Qc5 {[%emt 0:00:04]} 41. Rd1 {[%emt 0:00:52]} Bc6 {[%emt 0:01:27]} 42. Qd3 {[%emt 0:01:22]} Qf2 {[%emt 0:00:30]} 43. Qf1 {[%emt 0:00:00]} 0-1

[Event "29. Klatovy A 2023"]
[Site "Klatovy"]
[Date "2023.07.09"]
[Round "9.16"]
[White "Kroulik, Vaclav"]
[Black "Pycha, Patrik"]
[Result "0-1"]
[WhiteElo "1750"]
[BlackElo "2058"]
[PlyCount "64"]
[EventDate "2023.07.01"]
[EventType "swiss"]
[EventRounds "9"]
[EventCountry "CZE"]
[TimeControl "120+30"]

1. e4 {[%emt 0:00:02]} e6 {[%emt 0:00:11]} 2. d4 {[%emt 0:00:07]} d5 {[%emt 0:00:10]} 3. Nd2 {[%emt 0:00:05]} c5 {[%emt 0:00:05]} 4. exd5 {[%emt 0:00:24]} exd5 {[%emt 0:00:12]} 5. Ngf3 {[%emt 0:00:56]} a6 {[%emt 0:00:59]} 6. Be2 {[%emt 0:00:29]} Nf6 {[%emt 0:00:33]} 7. O-O {[%emt 0:00:23]} Be7 {[%emt 0:00:33]} 8. dxc5 {[%emt 0:00:29]} Bxc5 {[%emt 0:05:38]} 9. Nb3 {[%emt 0:00:31]} Bb6 {[%emt 0:00:49]} 10. c3 {[%emt 0:01:50]} O-O {[%emt 0:00:46]} 11. h3 {[%emt 0:02:27]} Qd6 {[%emt 0:04:11]} 12. Nbd4 {[%emt 0:01:14]} Nc6 {[%emt 0:00:58]} 13. Be3 {[%emt 0:03:16]} Bc7 {[%emt 0:00:52]} 14. Nxc6 {[%emt 0:15:07]} bxc6 {[%emt 0:01:47]} 15. Rc1 {[%emt 0:08:05]} Bf5 {[%emt 0:09:42]} 16. c4 {[%emt 0:01:56]} Rfe8 {[%emt 0:01:37]} 17. cxd5 {[%emt 0:21:15]} Nxd5 {[%emt 0:02:30]} 18. Qa4 {[%emt 0:02:11]} Nxe3 {[%emt 0:08:59]} 19. fxe3 {[%emt 0:01:05]} Be4 {[%emt 0:08:41]} 20. Rcd1 {[%emt 0:14:25]} Qh6 {[%emt 0:07:22]} 21. Bc4 {[%emt 0:07:36]} Qxe3+ {[%emt 0:08:06]} 22. Kh1 {[%emt 0:00:09]} Re7 {[%emt 0:08:27]} 23. Rde1 {[%emt 0:02:14]} Qf4 {[%emt 0:00:57]} 24. Bxf7+ {[%emt 0:12:37]} Kh8 {[%emt 0:00:10]} 25. Bb3 {[%emt 0:04:36]} Rae8 {[%emt 0:02:39]} 26. Rd1 {[%emt 0:02:45]} Qg3 {[%emt 0:01:42]} 27. Rd2 {[%emt 0:05:19]} Bxf3 {[%emt 0:00:54]} 28. gxf3 {[%emt 0:00:14]} Qxh3+ {[%emt 0:00:07]} 29. Kg1 {[%emt 0:00:14]} Bb6+ {[%emt 0:00:04]} 30. Rdf2 {[%emt 0:02:13]} Qg3+ {[%emt 0:00:21]} 31. Kh1 {[%emt 0:00:06]} Bxf2 {[%emt 0:00:16]} 32. Qg4 {[%emt 0:01:24]} Qxg4 {[%emt 0:00:07]} 0-1

[Event "29. Klatovy A 2023"]
[Site "Klatovy"]
[Date "2023.07.09"]
[Round "9.17"]
[White "Folkova, Martina"]
[Black "Zhang, Brian"]
[Result "1-0"]
[WhiteElo "2049"]
[BlackElo "1821"]
[PlyCount "95"]
[EventDate "2023.07.01"]
[EventType "swiss"]
[EventRounds "9"]
[EventCountry "CZE"]
[TimeControl "120+30"]

1. e4 {[%emt 0:09:29]} c5 {[%emt 0:00:49]} 2. Nf3 {[%emt 0:00:07]} d6 {[%emt 0:00:07]} 3. d4 {[%emt 0:00:04]} cxd4 {[%emt 0:00:05]} 4. Nxd4 {[%emt 0:00:04]} Nf6 {[%emt 0:00:11]} 5. Nc3 {[%emt 0:00:04]} a6 {[%emt 0:00:14]} 6. Be2 {[%emt 0:00:27]} e5 {[%emt 0:01:35]} 7. Nb3 {[%emt 0:00:13]} Be7 {[%emt 0:03:05]} 8. Be3 {[%emt 0:01:21]} Be6 {[%emt 0:14:21]} 9. O-O {[%emt 0:03:34]} O-O {[%emt 0:04:37]} 10. Qd3 {[%emt 0:06:06]} Nbd7 {[%emt 0:23:13]} 11. Nd5 {[%emt 0:06:24]} Bxd5 {[%emt 0:24:45]} 12. exd5 {[%emt 0:00:48]} Ne8 {[%emt 0:03:10]} 13. c4 {[%emt 0:03:02]} Nc5 {[%emt 0:09:12]} 14. Nxc5 {[%emt 0:02:43]} dxc5 {[%emt 0:00:12]} 15. f4 {[%emt 0:01:22]} exf4 {[%emt 0:10:10]} 16. Rxf4 {[%emt 0:03:02]} Bg5 {[%emt 0:10:28]} 17. Rf3 {[%emt 0:00:28]} Bxe3+ {[%emt 0:03:23]} 18. Qxe3 {[%emt 0:00:09]} Qd6 {[%emt 0:00:59]} 19. Raf1 {[%emt 0:04:01]} Nc7 {[%emt 0:05:54]} 20. Bd3 {[%emt 0:01:39]} Rae8 {[%emt 0:04:39]} 21. Qf2 {[%emt 0:01:58]} Re7 {[%emt 0:05:14]} 22. Rh3 {[%emt 0:18:45]} g6 {[%emt 0:03:48]} 23. Qh4 {[%emt 0:02:47]} f6 {[%emt 0:00:53]} 24. Rhf3 {[%emt 0:06:09]} Ne8 {[%emt 0:00:35]} 25. Qh6 {[%emt 0:03:28]} Qe5 {[%emt 0:00:49]} 26. h4 {[%emt 0:00:53]} Ng7 {[%emt 0:00:28]} 27. b3 {[%emt 0:04:08]} Qd4+ {[%emt 0:00:27]} 28. Kh1 {[%emt 0:01:28]} Nh5 {[%emt 0:00:32]} 29. g3 {[%emt 0:01:13]} Qe5 {[%emt 0:00:29]} 30. Kg2 {[%emt 0:00:46]} Ng7 {[%emt 0:00:30]} 31. Qd2 {[%emt 0:01:32]} Qd4 {[%emt 0:00:34]} 32. Rf4 {[%emt 0:10:52]} Qe5 {[%emt 0:00:28]} 33. Qf2 {[%emt 0:01:35]} Nh5 {[%emt 0:00:30]} 34. Rf3 {[%emt 0:01:45]} Qd4 {[%emt 0:00:29]} 35. Qxd4 {[%emt 0:01:04]} cxd4 {[%emt 0:00:05]} 36. g4 {[%emt 0:00:18]} Ng7 {[%emt 0:00:17]} 37. Rxf6 {[%emt 0:01:17]} Rfe8 {[%emt 0:01:09]} 38. R6f4 {[%emt 0:01:30]} Re3 {[%emt 0:00:29]} 39. Rxd4 {[%emt 0:01:39]} Rd8 {[%emt 0:00:31]} 40. Rff4 {[%emt 0:03:50]} Re1 {[%emt 0:00:28]} 41. Rde4 {[%emt 0:02:24]} Ra1 {[%emt 0:00:23]} 42. Re2 {[%emt 0:01:38]} Ne8 {[%emt 0:00:38]} 43. c5 {[%emt 0:01:57]} Nc7 {[%emt 0:00:27]} 44. d6 {[%emt 0:00:36]} Ne8 {[%emt 0:00:32]} 45. Bc4+ {[%emt 0:00:20]} Kg7 {[%emt 0:00:31]} 46. Re7+ {[%emt 0:00:41]} Kh6 {[%emt 0:00:28]} 47. g5+ {[%emt 0:00:26]} Kh5 {[%emt 0:00:07]} 48. Rxh7# {[%emt 0:00:29]} 1-0

[Event "29. Klatovy A 2023"]
[Site "Klatovy"]
[Date "2023.07.09"]
[Round "9.18"]
[White "Martirosyan, David"]
[Black "Mik, Tomas"]
[Result "0-1"]
[WhiteElo "1908"]
[BlackElo "1940"]
[PlyCount "116"]
[EventDate "2023.07.01"]
[EventType "swiss"]
[EventRounds "9"]
[EventCountry "CZE"]
[TimeControl "120+30"]

1. Nf3 {[%emt 0:00:21]} Nf6 {[%emt 0:00:13]} 2. c4 {[%emt 0:00:16]} g6 {[%emt 0:01:08]} 3. d4 {[%emt 0:00:13]} c5 {[%emt 0:00:34]} 4. Nc3 {[%emt 0:00:00]} Bg7 {[%emt 0:01:25]} 5. g3 {[%emt 0:00:00]} O-O {[%emt 0:00:00]} 6. Bg2 {[%emt 0:00:00]} cxd4 {[%emt 0:00:00]} 7. Nxd4 {[%emt 0:00:00]} Nc6 {[%emt 0:05:25]} 8. O-O {[%emt 0:09:53]} a6 9. c5 {[%emt 0:00:00]} Qc7 {[%emt 0:03:49]} 10. Qa4 {[%emt 0:10:11]} Rd8 {[%emt 0:05:01]} 11. e3 {[%emt 0:00:00]} Rb8 {[%emt 0:07:55]} 12. Rd1 {[%emt 0:04:04]} e5 {[%emt 0:09:54]} 13. Nb3 {[%emt 0:09:53]} d6 {[%emt 0:03:06]} 14. h3 {[%emt 0:22:50]} Be6 {[%emt 0:03:53]} 15. cxd6 {[%emt 0:04:05]} Rxd6 {[%emt 0:00:57]} 16. Nc5 {[%emt 0:00:16]} Rxd1+ {[%emt 0:11:39]} 17. Qxd1 {[%emt 0:00:28]} Rd8 {[%emt 0:02:25]} 18. Qa4 {[%emt 0:00:52]} Bc8 {[%emt 0:08:08]} 19. b4 {[%emt 0:04:52]} b5 {[%emt 0:05:29]} 20. Qa3 {[%emt 0:00:00]} Qb6 {[%emt 0:00:00]} 21. Bb2 {[%emt 0:00:00]} Bf8 {[%emt 0:00:00]} 22. Rc1 {[%emt 0:00:00]} Nxb4 {[%emt 0:49:12]} 23. Qxb4 {[%emt 0:00:19]} Bxc5 {[%emt 0:00:37]} 24. Qh4 {[%emt 0:00:37]} Rd2 {[%emt 0:03:21]} 25. Ba1 {[%emt 0:03:04]} Bd7 {[%emt 0:08:12]} 26. Qg5 {[%emt 0:07:01]} Bf5 {[%emt 0:07:03]} 27. g4 {[%emt 0:02:25]} h6 {[%emt 0:02:20]} 28. Qxh6 {[%emt 0:03:35]} Bxg4 {[%emt 0:00:37]} 29. Ne4 {[%emt 0:02:46]} Bf8 {[%emt 0:04:22]} 30. Qh4 {[%emt 0:02:20]} Nxe4 {[%emt 0:01:19]} 31. Bxe4 {[%emt 0:00:18]} Be6 {[%emt 0:01:05]} 32. Bxe5 {[%emt 0:01:02]} Bg7 {[%emt 0:00:10]} 33. Rc6 {[%emt 0:05:35]} Qa7 {[%emt 0:03:04]} 34. Rc7 {[%emt 0:01:05]} Rd1+ {[%emt 0:01:59]} 35. Kg2 {[%emt 0:01:24]} Qb6 {[%emt 0:01:20]} 36. Rc6 {[%emt 0:05:29]} Qa7 {[%emt 0:00:39]} 37. Bxg7 {[%emt 0:00:58]} Kxg7 {[%emt 0:00:24]} 38. Qf4 {[%emt 0:02:53]} Qd7 {[%emt 0:01:28]} 39. Qe5+ {[%emt 0:00:54]} Kh7 {[%emt 0:00:53]} 40. Qh5+ {[%emt 0:01:54]} Kg7 {[%emt 0:01:42]} 41. Qe5+ {[%emt 0:01:23]} Kh7 {[%emt 0:00:25]} 42. Rc7 {[%emt 0:01:33]} Qd6 {[%emt 0:01:29]} 43. Qh5+ {[%emt 0:00:26]} Kg8 {[%emt 0:00:13]} 44. Qf3 {[%emt 0:00:53]} Qxc7 {[%emt 0:00:54]} 45. Qxd1 {[%emt 0:00:09]} Bxa2 {[%emt 0:00:32]} 46. Qa1 {[%emt 0:00:45]} Qc4 {[%emt 0:00:42]} 47. Qe5 {[%emt 0:00:52]} Qe6 {[%emt 0:00:19]} 48. Qb8+ {[%emt 0:01:05]} Kg7 {[%emt 0:00:09]} 49. Qa8 {[%emt 0:00:12]} Bc4 {[%emt 0:00:19]} 50. Bb7 {[%emt 0:00:48]} b4 {[%emt 0:00:12]} 51. Qa7 {[%emt 0:00:12]} Bd5+ {[%emt 0:00:15]} 52. Bxd5 {[%emt 0:01:12]} Qxd5+ {[%emt 0:00:05]} 53. f3 {[%emt 0:00:12]} a5 {[%emt 0:00:42]} 54. e4 {[%emt 0:00:30]} Qd2+ {[%emt 0:00:22]} 55. Kg3 {[%emt 0:00:09]} b3 {[%emt 0:00:20]} 56. Qe7 {[%emt 0:00:23]} Qd4 {[%emt 0:01:35]} 57. e5 {[%emt 0:00:32]} Qb6 {[%emt 0:00:30]} 58. Qd6 {[%emt 0:00:28]} Qxd6 {[%emt 0:00:13]} 0-1

[Event "29. Klatovy A 2023"]
[Site "Klatovy"]
[Date "2023.07.09"]
[Round "9.19"]
[White "Formanek, Martin"]
[Black "Zadrapova, Amalie"]
[Result "1/2-1/2"]
[WhiteElo "2206"]
[BlackElo "1789"]
[PlyCount "72"]
[EventDate "2023.07.01"]
[EventType "swiss"]
[EventRounds "9"]
[EventCountry "CZE"]

1. e4 c5 2. Nc3 Nc6 3. f4 g6 4. Nf3 Bg7 5. Bb5 Nd4 6. O-O Nxb5 7. Nxb5 d5 8. exd5 a6 9. Nc3 Nf6 10. d3 Nxd5 11. Qe1 Nxc3 12. bxc3 O-O 13. a4 b6 14. Ne5 Qc7 15. c4 Rb8 16. Qf2 Be6 17. Rb1 Bd7 18. Be3 Rfc8 19. a5 Be8 20. Kh1 b5 21. cxb5 Rxb5 22. Nc4 Rcb8 23. Nb6 Rxb1 24. Rxb1 c4 25. dxc4 Qxc4 26. f5 Qa2 27. Rd1 Qxa5 28. Nd5 Rb7 29. f6 exf6 30. Nxf6+ Bxf6 31. Qxf6 Qf5 32. Qxa6 Qxc2 33. Qxb7 Qxd1+ 34. Bg1 h5 35. h3 Qc1 36. Qa8 Qe1 1/2-1/2

[Event "29. Klatovy A 2023"]
[Site "Klatovy"]
[Date "2023.07.09"]
[Round "9.20"]
[White "Stary, Vojtech"]
[Black "Pirklova, Hana"]
[Result "1/2-1/2"]
[WhiteElo "1752"]
[BlackElo "2085"]
[PlyCount "44"]
[EventDate "2023.07.01"]
[EventType "swiss"]
[EventRounds "9"]
[EventCountry "CZE"]

1. d4 Nf6 2. Nf3 g6 3. g3 Bg7 4. Bg2 O-O 5. c4 d6 6. Nc3 c6 7. O-O Qa5 8. e4 e5 9. h3 Re8 10. d5 cxd5 11. cxd5 b5 12. Nd2 b4 13. Nb3 Qd8 14. Ne2 a5 15. Be3 Ba6 16. Nd2 Nbd7 17. Rc1 Rc8 18. Re1 Bd3 19. f3 Nh5 20. Kh2 f5 21. Rxc8 Qxc8 22. Nb3 Bxe2 1/2-1/2

[Event "29. Klatovy A 2023"]
[Site "Klatovy"]
[Date "2023.07.09"]
[Round "9.21"]
[White "Simak, Roman"]
[Black "Topencik, Bruno"]
[Result "1/2-1/2"]
[WhiteElo "1838"]
[BlackElo "1780"]
[PlyCount "20"]
[EventDate "2023.07.01"]
[EventType "swiss"]
[EventRounds "9"]
[EventCountry "CZE"]

1. d4 Nf6 2. c4 e6 3. Nc3 Bb4 4. Bd2 O-O 5. e3 Re8 6. Nf3 Nc6 7. Bd3 Bf8 8. O-O d6 9. e4 e5 10. d5 Nb8 1/2-1/2

[Event "29. Klatovy A 2023"]
[Site "Klatovy"]
[Date "2023.07.09"]
[Round "9.23"]
[White "Zhang, Michelle 2013"]
[Black "Zadrapa, Radek"]
[Result "0-1"]
[WhiteElo "1772"]
[BlackElo "2014"]
[PlyCount "114"]
[EventDate "2023.07.01"]
[EventType "swiss"]
[EventRounds "9"]
[EventCountry "CZE"]

1. e4 e5 2. Nf3 Nc6 3. Bc4 Nf6 4. d3 Bc5 5. O-O d6 6. c3 Bb6 7. h3 Be6 8. Nbd2 O-O 9. Re1 Qe7 10. b4 a6 11. a4 Rfe8 12. Nf1 Bxc4 13. dxc4 Qe6 14. Qd3 Nh5 15. Qd5 Ne7 16. Qxe6 fxe6 17. Be3 Bxe3 18. Nxe3 Nf6 19. Nf1 a5 20. N1d2 Ng6 21. c5 d5 22. b5 Nd7 23. Nb3 c6 24. b6 Nf4 25. Re3 Kf7 26. Rae1 Kf6 27. Kh2 g5 28. g3 Ng6 29. Kg2 h6 30. Nfd2 Re7 31. exd5 exd5 32. Rf3+ Kg7 33. Nf1 e4 34. Rfe3 Nge5 35. Nfd2 Rf8 36. f3 Nxf3 37. Nxf3 exf3+ 38. Kf2 Ref7 39. Re6 Nf6 40. Nxa5 Ne4+ 41. R6xe4 dxe4 42. Rxe4 Rd8 43. Nc4 Rd5 44. Nd6 Rd2+ 45. Kf1 Rf8 46. Re7+ Kg8 47. Ne4 Re2 48. a5 Kh8 49. a6 bxa6 50. b7 Rb2 51. Nd6 f2 52. Nf7+ Kg7 53. Ne5+ Kg8 54. b8=Q Rbxb8 55. Nxc6 Rb1+ 56. Ke2 f1=Q+ 57. Ke3 Re1+ 0-1

[Event "29. Klatovy A 2023"]
[Site "Klatovy"]
[Date "2023.07.09"]
[Round "9.24"]
[White "Strnad, Jakub"]
[Black "Matejovsky, Ondrej"]
[Result "0-1"]
[WhiteElo "1957"]
[BlackElo "1928"]
[PlyCount "92"]
[EventDate "2023.07.01"]
[EventType "swiss"]
[EventRounds "9"]
[EventCountry "CZE"]

1. e4 e5 2. Nf3 Nf6 3. Nxe5 d6 4. Nf3 Nxe4 5. d4 d5 6. Bd3 Bd6 7. O-O O-O 8. c4 c6 9. Nc3 Nxc3 10. bxc3 dxc4 11. Bxc4 Bg4 12. Re1 Qf6 13. Be2 h6 14. Rb1 Nd7 15. Qc2 Rfe8 16. Be3 b6 17. h3 Bf5 18. Bd3 Bxh3 19. Be4 Rxe4 20. Qxe4 Bf5 21. Qh4 Bxb1 22. Qxf6 Nxf6 23. Rxb1 Re8 24. Re1 Kf8 25. Nh4 Bf4 26. Nf3 Nd5 27. Bxf4 Rxe1+ 28. Nxe1 Nxf4 29. Kf1 b5 30. Nf3 f6 31. Nd2 Ke7 32. a3 Ke6 33. g3 Nd5 34. c4 bxc4 35. Nxc4 Nc3 36. Ne3 Nb5 37. Nc2 a5 38. Ke2 h5 39. Kd3 g5 40. a4 Nd6 41. Ne3 Nf5 42. Nc4 h4 43. g4 Nd6 44. Ne3 h3 45. Nf1 Nc8 46. Kc4 Kd6 0-1

[Event "29. Klatovy A 2023"]
[Site "Klatovy"]
[Date "2023.07.09"]
[Round "9.25"]
[White "Pick, Stepan"]
[Black "Novak, Vaclav2"]
[Result "1-0"]
[WhiteElo "1911"]
[BlackElo "1948"]
[PlyCount "71"]
[EventDate "2023.07.01"]
[EventType "swiss"]
[EventRounds "9"]
[EventCountry "CZE"]

1. Nf3 d5 2. c4 c6 3. e3 Nf6 4. Nc3 g6 5. d4 Bg7 6. Be2 O-O 7. O-O dxc4 8. Bxc4 Nbd7 9. Qe2 Nb6 10. Bb3 e6 11. h3 Qc7 12. e4 Bd7 13. Be3 Rac8 14. Qd2 Qb8 15. Bf4 Qa8 16. Bh6 Be8 17. Bxg7 Kxg7 18. Rfd1 Rc7 19. Rac1 Qc8 20. e5 Nfd5 21. Ne4 Qd8 22. Nd6 Nc8 23. Nxc8 Qxc8 24. Ng5 Qd7 25. Ne4 Ne7 26. Nf6 Qc8 27. Qg5 Ng8 28. Ne4 Bd7 29. h4 Qd8 30. Qf4 h5 31. Rc3 Nh6 32. Nf6 Ng8 33. Rg3 Nxf6 34. exf6+ Kh7 35. Rg5 Rh8 36. Rxh5+ 1-0

[Event "29. Klatovy A 2023"]
[Site "Klatovy"]
[Date "2023.07.09"]
[Round "9.26"]
[White "Stary, Lukas"]
[Black "Hlavacek, Ondrej 1999"]
[Result "1-0"]
[WhiteElo "1932"]
[BlackElo "1780"]
[PlyCount "37"]
[EventDate "2023.07.01"]
[EventType "swiss"]
[EventRounds "9"]
[EventCountry "CZE"]

1. d4 d5 2. Bf4 Nf6 3. e3 c5 4. c3 Nc6 5. Nd2 e6 6. Ngf3 Bd6 7. Bg3 O-O 8. Bd3 b6 9. e4 dxe4 10. Nxe4 Nxe4 11. Bxe4 Bb7 12. dxc5 Bxc5 13. Qa4 Qc8 14. Bxh7+ Kh8 15. Qh4 Qd8 16. Ng5 g6 17. Bxg6+ Kg7 18. Qh7+ Kf6 19. Ne4+ 1-0

[Event "29. Klatovy A 2023"]
[Site "Klatovy"]
[Date "2023.07.09"]
[Round "9.27"]
[White "Kovar, Petr"]
[Black "Roubal, Matyas"]
[Result "1/2-1/2"]
[WhiteElo "1879"]
[BlackElo "1850"]
[PlyCount "70"]
[EventDate "2023.07.01"]
[EventType "swiss"]
[EventRounds "9"]
[EventCountry "CZE"]

1. c4 Nf6 2. Nc3 g6 3. d4 Bg7 4. e4 d6 5. f3 O-O 6. Be3 c5 7. Nge2 cxd4 8. Nxd4 Nc6 9. Qd2 Bd7 10. Be2 Nxd4 11. Bxd4 Bc6 12. O-O Nd7 13. Rfd1 Bxd4+ 14. Qxd4 a5 15. Rd2 Qb6 16. Qxb6 Nxb6 17. Rad1 Nd7 18. Nd5 Bxd5 19. Rxd5 Rfc8 20. Kf2 Kg7 21. Ke3 Rc7 22. f4 Nc5 23. e5 dxe5 24. fxe5 Ra6 25. b3 Rac6 26. Bf3 b6 27. Bg4 f6 28. exf6+ Rxf6 29. Bf3 a4 30. Rb1 axb3 31. axb3 Re6+ 32. Kd4 Rec6 33. Re5 Rd6+ 34. Rd5 Rdc6 35. Re5 Rd6+ 1/2-1/2

[Event "29. Klatovy A 2023"]
[Site "Klatovy"]
[Date "2023.07.09"]
[Round "9.28"]
[White "Lhotsky, Zdenek"]
[Black "Kucera, Petr2"]
[Result "0-1"]
[WhiteElo "1840"]
[BlackElo "1935"]
[PlyCount "34"]
[EventDate "2023.07.01"]
[EventType "swiss"]
[EventRounds "9"]
[EventCountry "CZE"]

1. e4 Nf6 2. e5 Nd5 3. d4 d6 4. c4 Nb6 5. f4 dxe5 6. fxe5 Nc6 7. Be3 Bf5 8. Nc3 e6 9. Be2 Qd7 10. Nf3 O-O-O 11. h3 f6 12. exf6 gxf6 13. O-O h5 14. c5 Nd5 15. Nxd5 Qxd5 16. a3 Qe4 17. Qd2 Bxc5 0-1

[Event "29. Klatovy A 2023"]
[Site "Klatovy"]
[Date "2023.07.09"]
[Round "9.29"]
[White "Ruessel, Bernhard"]
[Black "Sedmihradsky, Tomas"]
[Result "1/2-1/2"]
[WhiteElo "1852"]
[BlackElo "1775"]
[PlyCount "76"]
[EventDate "2023.07.01"]
[EventType "swiss"]
[EventRounds "9"]
[EventCountry "CZE"]

1. d4 f5 2. Nf3 g6 3. e3 Nf6 4. Bd3 Bg7 5. Nbd2 d5 6. c4 e6 7. O-O O-O 8. b3 Nbd7 9. Bb2 Ne4 10. Qc2 c6 11. Rac1 g5 12. b4 g4 13. Ne1 Rf6 14. g3 Qe8 15. f3 Nxd2 16. Qxd2 gxf3 17. Rxf3 dxc4 18. Bxc4 Nb6 19. Ng2 Nxc4 20. Rxc4 Rf7 21. Nf4 e5 22. dxe5 Be6 23. Nxe6 Qxe6 24. Rd4 Re8 25. Rd8 Rff8 26. Rd7 Re7 27. Rxe7 Qxe7 28. Qd4 Rd8 29. Qf4 Rd1+ 30. Rf1 Rxf1+ 31. Kxf1 Qf7 32. a3 Qd7 33. Qd4 Qe6 34. Kg2 b6 35. Qd8+ Bf8 36. Qf6 Qd5+ 37. Kh3 Qf3 38. e6 Qg4+ 1/2-1/2